1672 1304 1450 1952 1230 1552 1254 1517 1131 1815 1845 1245 1148 1272 1095 1629 1114 1627 1183 1102 1787 1149 1802 1932 1627 1785 1415 1688 1139 1954 1229 1002 1515 1909 1207 1111 1664 1033 1928 1400 1711 1025 1215 1689 1673 1589 1224 1245 1220 1437 1164 1421 1809 1294 1420 1290 1880 1256 1028 1448 1588 1602 1629 1551 1001 1277 1535 1994 1152 1080 1983 1703 1686 1957 1904 1415 1443 1303 1865 1922 1842 1032 1896 1721 1315 1621 1172 1160 1282 1572 1522 1677 1004 1036 1835 1736 1155 1053 1795 BCNSPRNW ULIB Ver.6.0+V

เปลี่ยนเป็นภาษาไทย

Change to English
 แสดงรายละเอียดบรรณานุกรม
  กลับหน้าหลัก

Brief Record : Get Marc (ISO 2709) : E-mail record : QR code < ปิดหน้าต่าง
LEADER : 00000nam 2200000uu 4500
001    13399122539
003     ULIB
008    130726sมปป.||||th 000 0 tha d
050 04 ^aBQ5578.T35^bอ111บ
110 1  ^aแอคมีพรินติ้ง
245 10 ^aบทสวดมนต์ /^cแอคมีพรินติ้ง
260    ^aกรุงเทพฯ :^bแอคมีพรินติ้ง,^cมปป.
300    ^a131 หน้า
650  7 ^aสวดมนต์
650  7 ^aหนังสือสวดมนต์
945    ^p0^l0^i19989
949    ^aทศพร
999    ^aทศพร เกษรทอง
รายการนี้ยังไม่มีแท็ก
คุณยังไม่ได้ล็อกอิน คุณสามารถมีกิจกรรมร่วมกับเว็บไซต์ได้ แต่ต้องล็อกอินก่อน ::
  ล็อกอิน

รายการสื่อสารสนเทศ

ลำดับที่ ประเภท เลขเรียก/บาร์โค้ด สถานที่ สถานะ
1. การศึกษาทั่วไป
การศึกษาทั่วไป
BQ5578.T35 อ111บ ฉ.1 
  Barcode: 19989
ห้องสมุดวิทยาเขตสวรรค์ประชารักษ์
►หนังสือทั่วไป
บนชั้น

รายการใกล้เคียง
    หัวเรื่อง [สวดมนต์]
    หัวเรื่อง [หนังสือสวดมนต์]

BibComment


ยังไม่เคยถูกคอมเมนท์

คอมเมนท์ทรัพยากรรายการนี้
  คอมเมนท์: บทสวดมนต์ แอคมี..


 Copyright 2026. Bcnsprnw @Library